The 1970s: critical years for steel

সংরক্ষণ করুন:
গ্রন্থ-পঞ্জীর বিবরন
প্রধান লেখক: William T. Hogan
বিন্যাস: গ্রন্থ
ভাষা:Undetermined
প্রকাশিত: Toronto Lexington 1972
বিষয়গুলি:
ট্যাগগুলো: ট্যাগ যুক্ত করুন
কোনো ট্যাগ নেই, প্রথমজন হিসাবে ট্যাগ করুন!
Thư viện lưu trữ: Trung tâm Học liệu Trường Đại học Cần Thơ
LEADER 00512nam a2200193Ia 4500
001 CTU_99576
008 210402s9999 xx 000 0 und d
082 |a 338.47669 
082 |b H714 
100 |a William T. Hogan 
245 4 |a The 1970s: critical years for steel 
245 0 |c William T. Hogan 
260 |a Toronto 
260 |b Lexington 
260 |c 1972 
650 |a steel industry and trade 
650 |z united states 
904 |i Truc 
980 |a Trung tâm Học liệu Trường Đại học Cần Thơ